Las Orquídeas de Machupicchu (Record no. 23409)

000 -CABECERA
fixed length control field 02410nam a22003377i 4500
003 - IDENTIFICADOR DEL NÚMERO DE CONTROL
control field AR-CdUCM
008 - DATOS DE LONGITUD FIJA--INFORMACIÓN GENERAL
fixed length control field 251204b20232023pe ||||| |||| 00| 0 spa d
020 ## - NÚMERO INTERNACIONAL ESTÁNDAR DEL LIBRO
ISBN 978-612-00-9072-5
040 ## - FUENTE DE LA CATALOGACIÓN
Agencia/entidad que catalogó originalmente la obra MUNICIPALIDAD PROVINCIAL DEL CUSCO
Entidad que transcribió la catalogación BIBLIOTECA MUNICIPAL DEL CUSCO
082 ## - NÚMERO DE LA CLASIFICACIÓN DECIMAL DEWEY
No. de Clasificación 584.4/
Notacion interna O31
100 ## - ENTRADA PRINCIPAL--NOMBRE DE PERSONA
Nombre Personal Ochoa Estrada, Julio Gustavo
110 ## - ENTRADA PRINCIPAL--NOMBRE DE ENTIDAD CORPORATIVA
Nombre de la institución, jurisdicción como entrada principal Biblioteca Nacional del Perú
9 (RLIN) 51643
245 ## - MENCIÓN DE TÍTULO
Título Las Orquídeas de Machupicchu
Resto del título 550/566 Especies - Conservación - Jardines Botánicos - Manejo
300 ## - DESCRIPCIÓN FÍSICA
Nº de Páginas Extensión 258 paginas
Dimensiones 24 x 18 cm
505 ## - NOTA DE CONTENIDO CON FORMATO
Nota de contenido formateada Créditos-Contenido-Prólogo-Presentación-Reconocimientos y Agradecimientos-Dedicatoria-Introducción-Las Orquídeas-Organografía de las Orquídeas-Las Formas de Crecimiento de las Orquídeas en Machupicchu-Los 20 Sistemas Ecológicos Terrestres de Machupicchu(Mapa)-Las Orquídeas de Machupicchu-Antecedentes del Estudio de Orquídeas en Machupicchu-Las Orquídeas y su Conservación en el Perú-Las Orquídeas y su Conservación en Machupicchu- Las Especies de Orquídeas Endémicas de Perú y de Machupicchu-Manejo, Rescate y Recuperación de Orquídeas en Machupicchu: 1. La Ornamentación del "Camino Sagrado" de Machupicchu. 2. El Jardín Botánico de Machupicchu. 3. El Jardín Botánico de la Llaqta de Machupicchu-Presentación de las 350 Especies de Orquídeas de la Guía-Descripciones y Fotografías de 350 Especies de Orquídeas de la Guía-La Riqueza y Récord de Orquídeas de la Guía-Exposición de las 350 Especies de la Guía-La Gran Riqueza de Orquídeas del Santuario Histórico de Machupicchu-Catálogo y Lista Anotada de Registros Cronológicos de 566 Especies de Orquídeas del Santuario Histórico de Machupicchu-Biografía.
650 ## - PUNTO DE ACCESO ADICIONAL DE MATERIA--TÉRMINO DE MATERIA
Descriptor Las Orquídeas
9 (RLIN) 51644
650 ## - PUNTO DE ACCESO ADICIONAL DE MATERIA--TÉRMINO DE MATERIA
Descriptor Formas de crecimiento de las Orquídeas
9 (RLIN) 51645
650 ## - PUNTO DE ACCESO ADICIONAL DE MATERIA--TÉRMINO DE MATERIA
Descriptor 20 Sistemas Ecológicos
9 (RLIN) 51646
650 ## - PUNTO DE ACCESO ADICIONAL DE MATERIA--TÉRMINO DE MATERIA
Descriptor Orquídeas de Machupicchu
9 (RLIN) 51647
650 ## - PUNTO DE ACCESO ADICIONAL DE MATERIA--TÉRMINO DE MATERIA
Descriptor
9 (RLIN) 51648
650 ## - PUNTO DE ACCESO ADICIONAL DE MATERIA--TÉRMINO DE MATERIA
Descriptor Su conservación en el Perú
9 (RLIN) 51649
650 ## - PUNTO DE ACCESO ADICIONAL DE MATERIA--TÉRMINO DE MATERIA
Descriptor Su conservación en Machupicchu
9 (RLIN) 51650
650 ## - PUNTO DE ACCESO ADICIONAL DE MATERIA--TÉRMINO DE MATERIA
Descriptor Orquídeas endémicas
9 (RLIN) 51651
650 ## - PUNTO DE ACCESO ADICIONAL DE MATERIA--TÉRMINO DE MATERIA
Descriptor 350 especies de Orquídeas
9 (RLIN) 51652
650 ## - PUNTO DE ACCESO ADICIONAL DE MATERIA--TÉRMINO DE MATERIA
Descriptor Fotografías de 350 especies de Orquídeas
9 (RLIN) 51653
650 ## - PUNTO DE ACCESO ADICIONAL DE MATERIA--TÉRMINO DE MATERIA
Descriptor Riqueza de Orquídeas de la guía
9 (RLIN) 51654
650 ## - PUNTO DE ACCESO ADICIONAL DE MATERIA--TÉRMINO DE MATERIA
Descriptor 566 especies de Orquídeas del santuario de Machupicchu
9 (RLIN) 51655
942 ## - ELEMENTOS DE PUNTO DE ACCESO ADICIONAL (KOHA)
Fuente de clasificación
Tipo de item Libros-BMC
945 ## - PROCESAMIENTO DE INFORMACIÓN LOCAL (OCLC)
Catalogador jmcs
AAAA-MM-DD - Fecha de ingreso o modificacion 4/12/2025

No items available.

Powered by Koha